[Event "ROM-ch U12"]
[Site "Calimanesti"]
[Date "2018.04.03"]
[Round "9"]
[White "Poparlan, Stefan"]
[Black "Balan, Octavian"]
[Result "0-1"]
[WhiteElo "1001"]
[BlackElo "1155"]
[PlyCount "96"]
[EventDate "2018.03.27"]
[EventType "swiss"]
[EventRounds "9"]
[EventCountry "ROU"]
[SourceTitle "CBM 183 Extra"]
[Source "ChessBase"]
[SourceDate "2018.04.19"]
[SourceVersion "1"]
[SourceVersionDate "2018.04.19"]
[SourceQuality "1"]

1. e4 c5 2. c3 Nc6 3. Nf3 e6 4. d4 cxd4 5. cxd4 d5 6. e5 a6 7. Bf4 Nge7 8. Nc3 Ng6 9. Bg3 Be7 10. Be2 Bd7 11. 0-0 0-0 12. Qc2 Rc8 13. Rad1 b5 14. a3 Qa5 15. b4 Qxa3 16. Ra1 Nxb4 17. Rxa3 Nxc2 18. Rb3 Nb4 19. Nd1 h5 20. h4 Nh8 21. Ng5 g6 22. Ne3 Nc2 23. Nxc2 Rxc2 24. Bd3 Rc6 25. Ra1 Rfc8 26. Bb1 Rc1+ 27. Kh2 R8c6 28. Rf3 Rd1 29. Bxg6 Rxa1 30. Bxf7+ Nxf7 31. Rxf7 Bxg5 32. Rxd7 Bh6 33. Rd8+ Kh7 34. Rd7+ Bg7 35. f4 Rac1 36. f5 exf5 37. Rd6 Rxd6 38. exd6 Bf6 39. d7 Bd8 40. Bf4 Rc6 41. Kg3 b4 42. Bd2 b3 43. Bc1 Rd6 44. Kf4 Rxd7 45. Kxf5 Bxh4 46. Kf4 Be1 47. Kg5 Bc3 48. Kxh5 Bxd4 0-1

[Event "ROM-ch U12"]
[Site "Calimanesti"]
[Date "2018.03.31"]
[Round "6"]
[White "Balan, Octavian"]
[Black "Mocan, Radu Adrian"]
[Result "0-1"]
[WhiteElo "1155"]
[BlackElo "1376"]
[PlyCount "96"]
[EventDate "2018.03.27"]
[EventType "swiss"]
[EventRounds "9"]
[EventCountry "ROU"]
[SourceTitle "CBM 183 Extra"]
[Source "ChessBase"]
[SourceDate "2018.04.19"]
[SourceVersion "1"]
[SourceVersionDate "2018.04.19"]
[SourceQuality "1"]

1. d4 d5 2. c4 c6 3. e3 e6 4. Nc3 Nf6 5. Bd2 a6 6. a4 Nbd7 7. Nf3 c5 8. cxd5 exd5 9. Be2 Be7 10. Qb3 c4 11. Qc2 Bb4 12. 0-0 0-0 13. Rfe1 Re8 14. Na2 Bd6 15. h3 Ne4 16. Nc3 Nxd2 17. Nxd2 Nf6 18. Bf3 Bc7 19. b3 cxb3 20. Qxb3 Ba5 21. Red1 Bxc3 22. Qxc3 Bd7 23. Qb3 Bc6 24. a5 Qd7 25. Rab1 Ba4 26. Qxb7 Qxb7 27. Rxb7 Bxd1 28. Bxd1 Reb8 29. Rxb8+ Rxb8 30. Kh2 Rb2 31. Nb3 Nd7 32. f3 Rb1 33. Bc2 Rb2 34. Bd1 f5 35. Kg3 Kf7 36. Kh2 g6 37. Kg3 h6 38. h4 Kf6 39. Kh3 g5 40. hxg5+ hxg5 41. g3 Rb1 42. Bc2 Re1 43. Nc5 Nxc5 44. dxc5 Rxe3 45. c6 Rc3 46. Ba4 Rc5 47. g4 fxg4+ 48. Kxg4 Rc4+ 0-1

[Event "ROM-ch U10"]
[Site "Baile Felix"]
[Date "2017.02.05"]
[Round "5"]
[White "Botea, David Alexandru"]
[Black "Balan, Octavian"]
[Result "1/2-1/2"]
[WhiteElo "1355"]
[BlackElo "1229"]
[PlyCount "68"]
[EventDate "2017.02.02"]
[EventType "swiss"]
[EventRounds "9"]
[EventCountry "ROU"]
[SourceTitle "CBM 176 Extra"]
[Source "ChessBase"]
[SourceDate "2017.03.02"]
[SourceVersion "1"]
[SourceVersionDate "2017.03.02"]
[SourceQuality "1"]

1. e4 c6 2. d4 d5 3. exd5 cxd5 4. c4 Nf6 5. Nc3 e6 6. cxd5 Nxd5 7. Nf3 Bb4 8. Bd2 Nc6 9. Bd3 a6 10. a3 Be7 11. 0-0 0-0 12. Bc2 Bf6 13. Be3 g6 14. Qd2 b5 15. Be4 Bb7 16. b4 Nxe3 17. fxe3 Rb8 18. Rac1 Ne7 19. Bc2 Nd5 20. Ne2 Rc8 21. Bb3 Qd7 22. Ng3 Rxc1 23. Rxc1 Rc8 24. Ne4 Rxc1+ 25. Qxc1 Bg7 26. Nc5 Qc8 27. Ne1 Bh6 28. Nc2 Qc6 29. Bxd5 Qxd5 30. Nxb7 Qxb7 31. Qd2 Qc6 32. Qd3 Kf8 33. Kf2 Ke7 34. e4 Bc1 1/2-1/2

[Event "ROM-ch U10"]
[Site "Calimanesti Caciulata"]
[Date "2016.04.20"]
[Round "3"]
[White "Balan, Octavian"]
[Black "Stan, Anghel Cristian"]
[Result "0-1"]
[WhiteElo "1250"]
[BlackElo "1096"]
[PlyCount "38"]
[EventDate "2016.04.18"]
[EventType "swiss"]
[EventRounds "9"]
[EventCountry "ROU"]
[SourceTitle "CBM 172 Extra"]
[Source "ChessBase"]
[SourceDate "2016.06.21"]
[SourceVersion "1"]
[SourceVersionDate "2016.06.21"]
[SourceQuality "1"]

1. d4 d5 2. e3 Nf6 3. Bd3 e6 4. Nc3 Nc6 5. Bd2 Bd6 6. Nf3 0-0 7. Nb5 a6 8. Nxd6 cxd6 9. 0-0 e5 10. Be2 Ne4 11. c4 dxc4 12. Bxc4 d5 13. Bd3 Nxd2 14. Qxd2 e4 15. Qc2 exf3 16. Bxh7+ Kh8 17. gxf3 Bh3 18. Rfe1 Qg5+ 19. Kh1 Qg2# 0-1

[Event "ROM-ch U10"]
[Site "Calimanesti Caciulata"]
[Date "2016.04.18"]
[Round "1"]
[White "Balan, Octavian"]
[Black "Briciu, George Adrian"]
[Result "1-0"]
[WhiteElo "1250"]
[BlackElo "1001"]
[PlyCount "77"]
[EventDate "2016.04.18"]
[EventType "swiss"]
[EventRounds "9"]
[EventCountry "ROU"]
[SourceTitle "CBM 172 Extra"]
[Source "ChessBase"]
[SourceDate "2016.06.21"]
[SourceVersion "1"]
[SourceVersionDate "2016.06.21"]
[SourceQuality "1"]

1. d4 d5 2. e3 Nf6 3. Bd3 e6 4. Nc3 Bd6 5. Nf3 0-0 6. e4 Nc6 7. e5 Ng4 8. exd6 cxd6 9. 0-0 e5 10. Nd2 Nxd4 11. Nb3 Nxb3 12. cxb3 Be6 13. Be2 Qh4 14. h3 Nf6 15. Qd2 Qd4 16. Qxd4 exd4 17. Nd1 Bf5 18. Re1 d3 19. Bf3 Ne4 20. Nc3 d2 21. Bxd2 Nxd2 22. Bxd5 h6 23. Bxb7 Rab8 24. Be4 Bxe4 25. Nxe4 Nxe4 26. Rxe4 d5 27. Rd4 Rb5 28. Rc1 Re8 29. Rc7 a6 30. Ra7 a5 31. Rd7 Re4 32. R4xd5 Rxd5 33. Rxd5 a4 34. bxa4 Rxa4 35. a3 Rc4 36. b4 Rc1+ 37. Kh2 f6 38. g4 Rc4 39. Rb5 1-0

[Event "ROM-ch U08"]
[Site "Calimanesti"]
[Date "2015.04.03"]
[Round "6"]
[White "Meca, Rares Stefan"]
[Black "Balan, Octavian"]
[Result "0-1"]
[WhiteElo "1066"]
[BlackElo "1001"]
[PlyCount "76"]
[EventDate "2015.03.30"]
[EventType "swiss"]
[EventRounds "9"]
[EventCountry "ROU"]
[SourceTitle "CBM 165 Extra"]
[Source "ChessBase"]
[SourceDate "2015.04.21"]
[SourceVersion "1"]
[SourceVersionDate "2015.04.21"]
[SourceQuality "1"]

1. e4 c5 2. Nf3 Nc6 3. Bb5 Nb8 4. 0-0 e6 5. d4 cxd4 6. Nxd4 e5 7. Nf3 Nf6 8. Re1 Bc5 9. Nc3 0-0 10. Nxe5 Qa5 11. Bf4 d6 12. Nc4 Qb4 13. e5 dxe5 14. Rxe5 Be6 15. Qf3 Bxc4 16. Bxc4 Qxc4 17. Qxb7 Bxf2+ 18. Kxf2 Qxf4+ 19. Kg1 Qxe5 20. Qxa8 Nbd7 21. Qxa7 Qc5+ 22. Qxc5 Nxc5 23. Nb5 Rb8 24. Rd1 g6 25. Nd4 Rxb2 26. Ra1 Rxc2 27. a4 Na6 28. Nb5 h5 29. Kf1 Nd7 30. Rd1 Nf8 31. Ra1 Nd7 32. Nd4 Rc4 33. Nf3 Ndc5 34. Nd2 Rb4 35. Ke2 Rxa4 36. Rxa4 Nxa4 37. Nb3 N6c5 38. Nxc5 Nxc5 0-1